Bez złudzeń

Titel: Bez złudzeń : wybór pism 1962 - 1988 / Leopold Łabe̜dz
Verfasser:
Veröffentlicht: London : Polonia, 1989
Umfang: 337 S.
Format: Buch
Sprache: Polnisch
Schriftenreihe/
mehrbändiges Werk:
Świat współczesny ; 7
ISBN: 0902352784
Buchumschlag
X
Lokale Klassifikation: 1 5 A ; 1 7 O
alg: 1671894
001A    $03004:17-06-91 
001B    $01999:28-04-23 $t19:31:43.000 
001C    $03004:12-02-08 $t11:02:06.000 
001D    $09999:99-99-99 
001U    $0utf8 
001X    $00 
002@    $0Aayc 
003@    $0016718941 
003O    $021562356 $aOCoLC 
004A    $00-902352-78-4 
007A    $0016718941 $aHEB 
007T    $0Herdhh016718941 
010@    $apol 
011@    $a1989 $n1989 
015@    $00 
021A    $a@Bez złudzeń $dwybór pism 1962 - 1988 $hLeopold Łabe̜dz 
028A    $7 $8Łabe̜dz, Leopold [Tnx] $9162650132 
033A    $pLondon $nPolonia 
034D    $a337 S. 
036E    $aŚwiat współczesny $l7 
036F    $x17 $8Ṡwiat współczesny $9010390847 $l7 
045B    $a087.85 $eDDC20oclc 
045F    $a901.094 $eDDC23BSB 
045F/01 $a901 
045F/03 $g4 
045G    $a900.940904 $eDDC23BSB 
045G/01 $a900 
045G/03 $f0904 
045G/03 $g4 

lok: 1671894 24
101B    $012-02-08 $t11:02:06.000 
101U    $0utf8 
145Z/01 $a1 5 A 
145Z/02 $a1 7 O 

exp: 1671894 24 1 #EPN
201B/01 $012-02-08 $t11:02:06.000 
201U/01 $0utf8 
203@/01 $0086160184 
208@/01 $a17-06-91 $bh 
209A/01 $a1 V A 67 $du $f050 $h1 5 A 67 $x00 
209C/01 $aK 89.5157 $h89 5157 K 
209G/01 $a72048571 $x00 
247C/01 $8358050-7 Marburg, Bibliothek des Herder-Instituts Marburg $9102600961 

lok: 1671894 66

exp: 1671894 66 1 #EPN
201B/01 $016-10-09 $t19:01:11.000 
201U/01 $0utf8 
203@/01 $0582964873 
208@/01 $a15-10-09 $br 
209A/01 $aGk Ła/Bez $du $f000 $x00 
209C/01 $a93/j1542G 
247C/01 $8618123-5 Darmstadt, Bibliothek des Deutschen Polen-Instituts $9102600902 

lok: 1671894 78

exp: 1671894 78 1 #EPN
201B/01 $019-04-17 $t17:27:18.000 
201U/01 $0utf8 
203@/01 $0794188044 
208@/01 $a12-11-16 $be 
209A/01 $a/ $f000 $x00 
237A/01 $aweiterführende Signatur(en): Herder-Institut: 1 V A 67 
244Z/01 $2Trx $8--Trx--Monographie $x01 $9391384546 
245Z/01 $a04.03 $x01 
247C/01 $82080>Marburg/Lahn, Herder-Institut, Forschungsbibliothek, Bibliographieportal $9336309341
LEADER 00000cam a22000002c 4500
001 016718941
003 DE-603
005 20230428193143.0
007 tu
008 910617s1989 xx |||| | u00||u|pol c
020 |a 0902352784 
035 |a (DE-599)HEB016718941 
035 |a (OCoLC)21562356 
040 |a DE-603  |b ger  |c DE-603  |d DE-603 
041 |a pol 
082 0 4 |8 1\u  |a 901.094  |q DE-101  |2 23/BSB 
083 0 |8 2\u  |a 900.940904  |q DE-101  |2 23/BSB 
083 7 |a 087.85  |2 20/oclc 
085 |8 1\u  |b 901 
085 |8 1\u  |z 2  |s 4 
085 |8 2\u  |b 900 
085 |8 2\u  |z 1  |s 0904 
085 |8 2\u  |z 2  |s 4 
100 1 |a Łabe̜dz, Leopold  |0 (DE-603)162650132 
245 0 0 |a Bez złudzeń  |b wybór pism 1962 - 1988  |c Leopold Łabe̜dz 
264 1 |a London  |b Polonia  |c 1989 
300 |a 337 S. 
490 1 |a Świat współczesny  |v 7 
830 0 |t Ṡwiat współczesny  |v 7  |w (DE-603)010390847  |w (DE-600)2550537-3  |9 17  |7 as 
924 0 |9 Mb 50  |a (DE-603)086160184  |b DE-Mb50  |c HES  |d c  |g 1 V A 67 
924 0 |9 Ds 123  |a (DE-603)582964873  |b DE-Ds123  |c HES  |d d  |g Gk Ła/Bez 
924 0 |9 2080  |a (DE-603)794188044  |b DE-2080  |c HES  |d d  |g /